Регионална библиотека "Любен Каравелов" - Русе

Народни хора за кавал (Запис номер 350341)

MARC детайли
000 -Лидер
Контролно поле с фиксирана дължина ncm a22 a 4500
003 - Код на организацията, давaща контролен номер
Контролно поле BLK
005 - Дата и час на последна редакция
Контролно поле 20200401110029.0
008 - Елементи от данни с фиксирана дължина
fixed length control field 180414b bul |a|er|||| |0| c|bulo|
010 ## - Наследен системен номер
LC control number NOT00003643000
040 ## - Източник на каталожния запис
Идентификатор на билиотеката - собственик на записа BLK
041 ## - Код за език
Код за езика на текст/звукозапис или на отделно заглавие Български
Код за езика КДБФ Български
072 #7 - Код за тематичната категория
Код организация bullib
Код за тематична категория Ь
080 ## - УДК
Текстов определител УДК Алтхорн, кавал, гайда и др.
УДК код - определител по УДК 788.91
УДК - код + определител 788.91
100 ## - Редна дума - Автор
R(LIN) 403165
Автор Богоев, Иван
139 ## - Редно поле
Редна дума Богоев, Иван
Авторски знак Бог - Б 54
245 10 - Сведения за заглавието
Заглавие Народни хора за кавал
Редно поле (дума) Иван Богоев
257 ## - Страна на издаване
Страна на създаване/издаване България
260 ## - Област на издателските данни
Име на издателя, разпространителя и проч. Музика
Година на издаване 1982
Място на издаване, разпространение и проч. София
300 ## - Физическа характеристика
Страници 64 с.
Размери/Мащаб 24 см
Илюстрации и др. с ноти
380 ## - Жанр
Жанр Изкуство
500 ## - Общи забележки
Забележка Съдържа 20 хора.
650 #4 - Допълнително описание по предмет – тема
Основно описание – тема или топоним Кавал
9 (RLIN) 158071
653 ## - Ключова дума – ненормативна
Ключова дума кавал
653 #7 - Ключова дума – ненормативна
Ключова дума хора
9 (RLIN) 200104
659 ## - Тематичен бюлетин
Тематичен бюлетин Ь
852 ## - Местоположение
Форматна сигнатура Цб М 1515
856 4# - Електронен адрес и достъп
Електронен формат pdf - файл
Път до файла /url/
856 4# - Електронен адрес и достъп
Електронен формат pdf - файл
Път до файла /url/
999 ## - СИСТЕМНИ КОНТРОЛНИ НОМЕРА
Koha biblionumber 350341
Koha biblioitemnumber 350341
942 ## - АРТИКУЛИ
Вид на библиотечния материал Нотни издания
Скрит в OPAC Не
Периодичен библиозапис Да
944 ## - СЪЗДАВАНЕ И РЕДАКЦИЯ на ЗАПИСА
Създаване/Редакция Създаване
Дата на регистрацията/редакция 2020-04-01
Служител, извършил регистрацията/редакцията Ренета Константинова
999 ## - СИСТЕМНИ КОНТРОЛНИ НОМЕРА
Koha biblioitemnumber 320246
Наличности
Код за отписване Код за изгубен артикул Източник на класификационната схема Код за повреда Коз за рестрикции Код за отдаване Артикулен № Име на библиотеката - собственик Име на библиотеката, в която се намира в момента Статус (Текущо местоположение) Дата на вписване в системата Местоположение - отдел Цена в лева Инвентарен номер Систематично азбучна сигнатура Баркод Цена в евро Служебен тип на артикула
  Не е изгубен Universal Decimal Classification Не е повреден без рестрикции заемане за дома 759784 Регионална библиотека "Любен Каравелов" Русе Регионална библиотека "Любен Каравелов" Русе Отдел Изкуство - подръчен фонд 2020-04-09 Отдел Изкуство - подръчен фонд 1.94 360056 788/Б 55 И 120000360056 0.99 Нотни издания
  Не е изгубен Universal Decimal Classification Не е повреден само за читалня ползва се в читалня 760808 Регионална библиотека "Любен Каравелов" Русе Регионална библиотека "Любен Каравелов" Русе Хранилище 2020-04-13 Хранилище 1.94 360002 Цб М 1515 120000360002 0.99 Нотни издания
Vip Innovations Ltd, Rousse, Bulgaria 2025